000 00553nam a2200229Ia 4500
003 OSt
005 20221005132202.0
006 a|||||r|||| 00| 0
007 ta
008 221004b |||||||| |||| 00| 0 tam d
024 _a51805
037 _cTextual
040 _aCRL
_cCRL
_btam
041 _2tam
_atam
082 _aT38, 31L8
100 _aChokkalinkam Au.
_9640721
245 0 _aThankkuri nagan
260 _c1973
650 _aEDUCATION
942 _hT38, 31L8
_cTEXL
_2cc
999 _c1062695
_d1062695